000 00618nam a22002297a 4500
003 UA-OsUOA
001 87433
007 ta
008 20120918b un ||||| |||| 00| 0 ukr d
100 _aВершигора П.
090 _a821.161.2
_bВ 37
942 _cBK
040 _aUA-OsUOA
_bukr
_cUA-OsUOA
_dUA-OsUOA
245 _aЛюди з чистою совістю
300 _a566 с.
955 _a3
041 _aukr
080 _a821.161.2
260 _aК.
_bПолітвидав України
_c1975
650 7 _a82 Література. Літературознавство
_2UDC
999 _c373742
_d373742